00690nam a2200169 a 45000010005000000030009000050080041000140200015000550400028000700820016000981000022001142450044001362600044001803000015002245050252002396500029004911955CO-ViMGA141112s2004 ck r 000 u spa d a958040867X aCO-ViMGAbspacCO-ViMGA04a332.64 V1731 aVarela V, Rodrigo10aEvaluación económica de inversiones aSantafé de Bogotá : bNorma, c1996 a512 p : il aCriterios decisorios 111 - - Evaluación económica y comparación de alternativas que producen diferente servicio 177 - - Criterios decisorios después de impuestos 294 - - Evaluaciones con dienro prestado 340 - - Evalluaciones especiales 41614aINVERSIONES - EVALUACION